Govt. of
Madhya Pradesh

the Incredible Science Activity Book (Record no. 68421)

MARC details
000 -LEADER
fixed length control field 00266nam a22001097a 4500
082 ## - DEWEY DECIMAL CLASSIFICATION NUMBER
Classification number 741.642
100 ## - MAIN ENTRY--AUTHOR NAME
Personal name Mahendra Singh
245 ## - TITLE STATEMENT
Title the Incredible Science Activity Book
260 ## - PUBLICATION, DISTRIBUTION, ETC. (IMPRINT)
Place of publication Delhi
Name of publisher Holy Light Pub.
Year of publication 2016
650 ## - SUBJECT ADDED ENTRY--TOPICAL TERM
Topical Term children book
942 ## - ADDED ENTRY ELEMENTS (KOHA)
Koha item type Books
Holdings
Withdrawn status Lost status Damaged status Not for loan Home library Current library Date acquired Cost, normal purchase price Full call number Accession Number Price effective from Koha item type
        MACL MACL 09/11/2025 475.00 741.642 CRE001902 09/11/2025 Books